The chaitanya movement : (Record no. 124308)

MARC details
000 -LEADER
fixed length control field 00748nam a22002297a 4500
005 - DATE AND TIME OF LATEST TRANSACTION
control field 20170124105937.0
010 ## - LIBRARY OF CONGRESS CONTROL NUMBER
LC control number A-715625
020 ## - INTERNATIONAL STANDARD BOOK NUMBER
Terms of availability 00.00
International Standard Book Number 8121506069
035 ## - SYSTEM CONTROL NUMBER
System control number A-715625
037 ## - SOURCE OF ACQUISITION
Source of stock number/acquisition Cen Lib/Ret
040 ## - CATALOGING SOURCE
Original cataloging agency DPL
Language of cataloging EN
082 ## - DEWEY DECIMAL CLASSIFICATION NUMBER
Classification number 232
Item number KEN
100 ## - MAIN ENTRY--PERSONAL NAME
Personal name Kennedy, Melville T.
9 (RLIN) 10301
245 ## - TITLE STATEMENT
Title The chaitanya movement :
Statement of responsibility, etc by Melville T. Kennedy
Remainder of title a study of vaishnavism in Bengal /
260 ## - PUBLICATION, DISTRIBUTION, ETC. (IMPRINT)
Place of publication, distribution, etc New Delhi
Name of publisher, distributor, etc Munshiram Manoharlal Publishers
Date of publication, distribution, etc 1993
270 ## - ADDRESS
Address Post Box 5715, 54 Rani Jhansi Road
City New Delhi
Postal code 110055
300 ## - PHYSICAL DESCRIPTION
Extent viii, 270p. :
Dimensions 18cm(Hb)
Other physical details ill.
500 ## - GENERAL NOTE
General note Includes index.
650 ## - SUBJECT ADDED ENTRY--TOPICAL TERM
Topical term or geographic name as entry element Chaitanya, -- 1486-1534.
9 (RLIN) 10302
650 ## - SUBJECT ADDED ENTRY--TOPICAL TERM
Topical term or geographic name as entry element Vaishnavism.
9 (RLIN) 82282
942 ## - ADDED ENTRY ELEMENTS (KOHA)
Source of classification or shelving scheme Dewey Decimal Classification
Koha item type English Books
Classification part 232
Call number suffix KEM
Holdings
Withdrawn status Lost status Damaged status Not for loan Home library Current library Date acquired Source of acquisition Cost, normal purchase price Total Checkouts Full call number Barcode Date last seen Date checked out Copy number Cost, replacement price Price effective from Koha item type
        Central Library Central Library 15/06/2015 Cen Lib/Ret 0.00 1 232 KEM A-715625 05/11/2018 09/10/2018 1 0.00 15/06/2015 English Books

© Delhi Public Library
Hit Counter
free hit counter